000 00506nam a2200181Ia 4500
005 20250508162534.0
008 008 250505s9999 xx 000 0 eng d
037 _aTextual
040 _aFEDL
_beng
_cFEDL
041 _aeng
_2eng
084 _a302.23, MOD
_qFEDL
100 _aModi Ishwar
245 0 _aLeisure, mass media and social structure
260 _aJaipur, India
_bRawat Publications
_c1985
300 _axxi,316p.
942 _cTEXL
_h302.23, MOD
999 _c1377180
_d1377180